Statistics for Movies of 2016

Click here to take the quiz!

General Stats

  • This quiz has been taken 7 times
  • The average score is 8 of 45

Answer Stats

StarMovie% Correct
Benedict CumberbatchDoctor Strange
71%
Chris EvansCaptain America: Civil War
57%
Ryan ReynoldsDeadpool
57%
Ellen DeGeneresFinding Dory
57%
Margot RobbieSuicide Squad
57%
Matt DamonJason Bourne
43%
Felicity JonesRogue One: A Star Wars Story
43%
Ben AffleckBatman v Superman: Dawn of Justice
29%
Jack BlackKung Fu Panda 3
29%
Ryan GoslingLa La Land
29%
Anna KendrickTrolls
29%
James McAvoyX-Men: Apocalypse
29%
Dwayne JohnsonCentral Intelligence
14%
Eddie RedmayneFantastic Beasts and Where to Find Them
14%
Andrew GarfieldHacksaw Ridge
14%
Taraji P. HensonHidden Figures
14%
Ray RomanoIce Age: Collision Course
14%
Tom CruiseJack Reacher: Never Go Back
14%
Gerard ButlerLondon Has Fallen
14%
Dwayne JohnsonMoana
14%
Jennifer LawrencePassengers
14%
Tori KellySing
14%
Tom HanksSully
14%
Neel SethiThe Jungle Book
14%
Alexander SkarsgårdThe Legend of Tarzan
14%
Louis C.K.The Secret Life of Pets
14%
Travis FimmelWarcraft
14%
Ginnifer GoodwinZootopia
14%
Johnny DeppAlice Through the Looking Glass
0%
Shailene WoodleyAllegiant
0%
Michael FassbenderAssassin's Creed
0%
Renée ZellwegerBridget Jones's Baby
0%
Kate McKinnonGhostbusters
0%
Jeff GoldblumIndependence Day: Resurgence
0%
Eva GreenMiss Peregrine's Home for Peculiar Children
0%
Dave FrancoNow You See Me 2
0%
Milla JovovichResident Evil: The Final Chapter
0%
Seth RoganSausage Party
0%
Chris PineStar Trek Beyond
0%
Megan FoxTeenage Mutant Ninja Turtles: Out of the Shadows
0%
Josh GadThe Angry Birds Movie
0%
Mark RylanceThe BFG
0%
Vera FarmigaThe Conjuring 2
0%
Matt DamonThe Great Wall
0%
Chris HemsworthThe Huntsman: Winter's War
0%

Score Distribution

Percentile by Number Answered

Percent of People with Each Score

Your Score History

You have not taken this quiz